| Tag |
First Indicator |
Second Indicator |
Subfields |
| LEADER |
00000cam a2200000 4500 |
| 001 |
in00001925193 |
| 006 |
m | d | |
| 007 |
cr |n||||||||n |
| 008 |
791208s1736 enk|||| s 00||||eng d |
| 005 |
20260403173754.8 |
| 035 |
|
|
|a (CStRLIN)ESTCT71899
|
| 040 |
|
|
|a Uk-ES
|c Uk-ES
|d Cu-RivES
|d CStRLIN
|d Thomson Gale
|d UtOrBLW
|
| 100 |
1 |
|
|a Chetwood, W. R.
|q (William Rufus),
|d -1766.
|
| 245 |
1 |
4 |
|a The voyages, travels and adventures, of William Owen Gwin Vaughan, Esq :
|b With the history of his brother Jonathan Vaughan, six years a slave in Tunis. Intermix'd with the histories of Clerimont, Maria, Eleanora, and others. ...
|
| 264 |
|
3 |
|a London :
|b printed for J. Watts: and sold by J. Osborn,
|c 1736.
|
| 300 |
|
|
|a 2 volumes,plates ;
|c 12⁰.
|
| 336 |
|
|
|a text
|b txt
|2 rdacontent
|
| 337 |
|
|
|a computer
|b c
|2 rdamedia
|
| 338 |
|
|
|a online resource
|b cr
|2 rdacarrier
|
| 500 |
|
|
|a Anonymous. By William Rufus Chetwood.
|
| 500 |
|
|
|a A novel.
|
| 500 |
|
|
|a Titlepage in red and black.
|
| 500 |
|
|
|a Reproduction of original from the British Library.
|
| 510 |
4 |
|
|a English Short Title Catalog,
|c ESTCT71899.
|
| 533 |
|
|
|a Electronic reproduction.
|b Farmington Hills, Mich. :
|c Thomson Gale,
|d 2003.
|n Available via the World Wide Web.
|n Access limited by licensing agreements
|7 s2003 miunns
|
| 500 |
|
|
|a Electronic resource.
|
| 830 |
|
0 |
|a Eighteenth century collections online.
|
| 856 |
4 |
0 |
|u http://proxy.library.tamu.edu/login?url=https://galenet.galegroup.com/servlet/ECCO?c=1&stp=Author&ste=11&af=BN&ae=T071899&tiPG=1&dd=0&dc=flc&docNum=CW113659795&vrsn=1.0&srchtp=a&d4=0.33&n=10&SU=0LRK&locID=txshracd2898
|z Full text online
|t 0
|
| 999 |
|
|
|a MARS
|
| 999 |
f |
f |
|s 953f1f9e-0bc8-3d92-b97f-c5d98453afa2
|i c042be02-c3c6-39a3-afb9-b4d05d0e22c1
|t 0
|
| 952 |
f |
f |
|a Texas A&M University
|b College Station
|c Electronic Resources
|s www_evans
|d Available Online
|t 0
|h No information provided
|
| 998 |
f |
f |
|t 0
|l Available Online
|